Transzilvanizmus és európaiság
Elmentve itt :
| Szerző: | |
|---|---|
| Adatforrás: | Meister |
| Forrásdokumentuma: | Korunk. - 8 sz., 1997, 54-58 p. |
| Nyelv: | magyar |
| Kulcsszavak: | művelődéstörténet irodalomtörténet regionalizmus transzilvanizmus nemzeti identitás irodalom & politikaKÓS Károly NADLER Josef SAUER August PAÁL Árpád KUNCZ Aladár |
| LEADER | 00636nab a2200229 i 4500 | ||
|---|---|---|---|
| 001 | bibPRO00000563 | ||
| 008 | 060524s1997 xx hun | ||
| 040 | |a Sz1 | ||
| 041 | |a hun | ||
| 100 | 1 | |a POMOGÁTS Béla | |
| 245 | 1 | 0 | |a Transzilvanizmus és európaiság |c POMOGÁTS Béla |
| 695 | |a művelődéstörténet | ||
| 695 | |a irodalomtörténet | ||
| 695 | |a regionalizmus | ||
| 695 | |a transzilvanizmus | ||
| 695 | |a nemzeti identitás | ||
| 695 | |a irodalom & politikaKÓS Károly | ||
| 695 | |a NADLER Josef | ||
| 695 | |a SAUER August | ||
| 695 | |a PAÁL Árpád | ||
| 695 | |a KUNCZ Aladár | ||
| 773 | 0 | |t Korunk. - |g 8 sz., 1997, 54-58 p. | |